000 00422nam a2200169Ia 4500
003 OSt
005 20240402161104.0
008 170619s9999 xx 000 0 und d
020 _a9788120321526
040 _cIIMT ENGINEERING COLLEGE
100 _aBUDINSKI G KENNETH
245 0 _aEngineering materials properties and selection
260 _bNew Delhi: PHI
260 _c2003
546 _aENGLISH
942 _2ddc
_c01
999 _c17764
_d17764